000 00324nam a22001457a 4500
008 210519b ||||| |||| 00| 0 eng d
020 _a9780393979206
041 _aeng
080 _25th
_a82
082 _a82
100 _a21
101 _aGJL
245 _aThe Norton Anthology of Poetry
_cFerguson,M
942 _2udc
_cBK
999 _c57460
_d57460